| 000 | 00618nam a2200241Ia 4500 | ||
|---|---|---|---|
| 003 | OSt | ||
| 005 | 20230428110343.0 | ||
| 008 | 210423s2008 xx 000 0 und d | ||
| 020 | _a100070668878 | ||
| 040 | _cAL | ||
| 041 | _aeng | ||
| 082 |
_a339.3 _223 _bGUPG |
||
| 100 |
_aGUPTA (G S) _984432 |
||
| 245 | _aMacroeconomics: theory and applications | ||
| 250 | _a3 | ||
| 260 |
_aNew Delhi _bTata McGraw-hill _c2008 |
||
| 300 |
_axv,532 _bPB |
||
| 365 |
_b295 _cINR |
||
| 650 |
_aEconomics _984433 |
||
| 650 |
_aMacroeconomics _984434 |
||
| 906 | _aapplications ; Macroeconomics: ; theory | ||
| 942 |
_2ddc _cBK |
||
| 999 |
_c157012 _d157012 |
||